000 00570nam a22001697a 4500
003 NUST
038 _aMr. Zahoor
082 _aMSIT-10 RAB
100 _aRabia Irfan
_924229
245 _aExtended refinement methodology for automatic keyphrase assignment
260 _aIslamabad
_bNUST-SEECS
_c2012
300 _a137p.
500 _aSupervisors;Dr. sharifullah, Dr. Khalid Latif, Dr. Hamid Mukhtar, Dr. Ali Mustafa Qamar
650 _aInformation Technology - MS Thesis.
_916355
856 _uhttp://10.250.8.41:8080/xmlui/handle/123456789/13426
942 _cTHE
_2ddc
999 _c490837
_d490837